000 00430nam a2200169Ia 4500
008 230718s9999 xx 000 0 und d
041 _aeng
082 _a621.38
_bYAR
100 _aYariv A.
245 _aOptical Electronics
260 _c1991
_bSaunders College Publication
300 _a711
_dRef 197 E (5864)
365 _cRs.
_b495.00
500 _a197 E
700 _aYariv A.
906 _dB:950804-Jan-1996
_cETC
_b74.25
999 _c294659
_d294659